New York Giants all-time stat leaders - Statistics

General Stats
  • This quiz has been taken 157 times
  • The average score is 6 of 10
Answer Stats
Stat # Player % Correct
Passing yards 57,023 Eli Manning
100%
Passing TDs 366 Eli Manning
100%
Rushing yards 10,449 Tiki Barber
90%
Sacks 141.5 Michael Strahan
85%
Receptions 668 Amani Toomer
61%
Receiving yards 9,497 Amani Toomer
61%
Receiving TDs 54 Amani Toomer
61%
Rushing TDs 60 Brandon Jacobs
49%
Interceptions 74 Elmen Tunnell
26%
Tackles 382 Antrel Rolle
14%
No matching quizzes found
Score Distribution
Percent of People with Each Score
Percentile by Number Answered
Your Score History
You have not taken this quiz